000 00677nam a2200253Ia 4500
001 34757
005 20240114001745.0
007 ta
008 070301s1948 a g b000 u 465 u
040 _aCotton College,Assam
041 _a465
082 _a923.2
_bG 151 C
100 _aCatlin, George .
245 0 _aIn the Path of Mahatma Gandhi /
_cGeorge Catlin.
_hTextual Documents
250 _a1st ed /
260 _aLondon :
_bMacmillan and co ,
_c1948.
300 _a332p. :
_bill ;
_c22cm .
504 _aIndex
653 _aBiography-Mahatma Gandhi
653 _aMahatma Gandhi-Biography
942 _2ddc
_cBK
999 _c34739
_d34739